Govt. of
Madhya Pradesh

The Mad Tibetan Stories From Then And Now (Record no. 64580)

MARC details
000 -LEADER
fixed length control field 00271nam a2200109Ia 4500
008 - FIXED-LENGTH DATA ELEMENTS--GENERAL INFORMATION
fixed length control field 221009s9999 xx 000 0 und d
082 ## - DEWEY DECIMAL CLASSIFICATION NUMBER
Classification number 823/NAV
100 ## - MAIN ENTRY--PERSONAL NAME
Personal name Naval Deepti
9 (RLIN) 36217
245 #4 - TITLE STATEMENT
Title The Mad Tibetan Stories From Then And Now
260 ## - PUBLICATION, DISTRIBUTION, ETC. (IMPRINT)
Name of publisher, distributor, etc. Amaryllis
942 ## - ADDED ENTRY ELEMENTS (KOHA)
Koha item type Books

No items available.